[Event "10. Open"]
[Site "?"]
[Date "1999.06.29"]
[Round "5"]
[White "Kurajica Bojan"]
[Black "Vojko Zorman"]
[Result "1-0"]
[WhiteElo "2536"]
[BlackElo "2318"]
[PlyCount "39"]
[EventDate "1999.??.??"]
[Source "www.chesslib.no"]
[SourceDate "2004.05.04"]

1. d4 b6 2. Nf3 Bb7 3. e3 e6 4. c4 f5 5. a3 Nf6 6. Nc3 Bd6 7. Bd3 O-O 8. Qc2 c5 9. d5 a6 10. O-O b5 11. e4 Qc7 12. Re1 Ng4 13. h3 Ne5 14. Nxe5 Bxe5 15. exf5 Bxc3 16. Qxc3 bxc4 17. Bxc4 exd5 18. Re7 Rf7 19. Re8+ Rf8 20. Bh6 1-0

[Event "TCh-CZE Extraliga 2003-4"]
[Site "Czech Rep"]
[Date "2004.03.21"]
[Round "9"]
[White "Jirovsky, Pavel"]
[Black "Blatny, Pavel"]
[Result "1/2-1/2"]
[WhiteElo "2400"]
[BlackElo "2452"]
[PlyCount "81"]
[EventDate "2004.01.08"]
[Source "Roberto Alvarez"]
[SourceDate "2004.04.05"]

1. d4 b6 2. Nf3 Bb7 3. g3 e6 4. Bg2 Be7 5. O-O f5 6. c4 Nf6 7. d5 Qc8 8. Nd4 c5 9. dxc6 dxc6 10. Bf4 O-O 11. Bxb8 Rxb8 12. Qa4 b5 13. Qc2 Rd8 14. e3 bxc4 15. Nd2 c5 16. Bxb7 Rxb7 17. N4f3 c3 18. bxc3 c4 19. Ne5 Rc7 20. Rfd1 Rc5 21. Nef3 e5 22. e4 Rd3 23. Ne1 fxe4 24. Nxd3 exd3 25. Qa4 e4 26. Re1 Qf5 27. Nxe4 Nxe4 28. Rxe4 Qf7 29. Qxa7 Bd6 30. Qxf7+ Kxf7 31. f4 Be7 32. Kf2 Bf6 33. Rc1 d2 34. Rb1 Bxc3 35. Ke2 Rc7 36. Kd1 Ba5 37. Kc2 c3 38. Re5 Ra7 39. Rc5 Bb4 40. Rxc3 Bxc3 41. Kxc3 1/2-1/2

[Event "AUT-chT2M 0102"]
[Site "?"]
[Date "2001.11.04"]
[Round "3.1"]
[White "Vigh Bela"]
[Black "Konopka Michal"]
[Result "1/2-1/2"]
[WhiteElo "2368"]
[BlackElo "2479"]
[PlyCount "38"]
[EventDate "2001.??.??"]
[Source "www.chesslib.no"]
[SourceDate "2004.05.04"]

1. d4 b6 2. c4 e6 3. Nc3 Bb7 4. a3 g6 5. e4 Bg7 6. Nf3 d6 7. Bd3 Nd7 8. O-O Ne7 9. Be3 h6 10. Qd2 g5 11. Ne1 Ng6 12. Nc2 O-O 13. Ne2 c5 14. Rad1 f5 15. exf5 Nh4 16. f3 exf5 17. Bf2 Qf6 18. Bxh4 gxh4 19. Ne3 Qg5 1/2-1/2

[Event "Vrnjacka Banja"]
[Site "?"]
[Date "1978.??.??"]
[Round "5"]
[White "Nikolac Juraj"]
[Black "Nikolic Stanimir"]
[Result "1-0"]
[WhiteElo "2495"]
[BlackElo "2350"]
[PlyCount "65"]
[EventDate "1978.??.??"]
[Source "www.chesslib.no"]
[SourceDate "2004.05.04"]

1. d4 b6 2. e4 e6 3. Nf3 Bb7 4. Bd3 Nf6 5. Nbd2 d5 6. e5 Nfd7 7. c3 c5 8. O-O Nc6 9. Re1 cxd4 10. cxd4 Be7 11. Nf1 Rc8 12. a3 a6 13. Ng3 h5 14. Bd2 b5 15. Ne2 Qb6 16. Be3 Na5 17. Bg5 Bf8 18. Nf4 Nb8 19. Qe2 Nb3 20. Rad1 Nc6 21. Qe3 Nbxd4 22. Nxd4 Qxd4 23. Qh3 Bc5 24. Rd2 Qa4 25. Nxe6 Bf8 26. Nxf8 Kxf8 27. Qd7 Qg4 28. e6 fxe6 29. Qxb7 e5 30. Rc2 e4 31. Be2 Qf5 32. Rec1 Re8 33. Rxc6 1-0

[Event "Corr"]
[Site "?"]
[Date "1995.12.30"]
[Round "?"]
[White "Mamaev Vladimir Dmitrievic"]
[Black "Perea Montero Luis Antonio (E"]
[Result "1/2-1/2"]
[WhiteElo "2360"]
[BlackElo "2480"]
[PlyCount "26"]
[EventDate "1995.??.??"]
[Source "www.chesslib.no"]
[SourceDate "2004.05.04"]

1. d4 b6 2. c4 e6 3. a3 Nf6 4. Nc3 d5 5. cxd5 Nxd5 6. e4 Nxc3 7. bxc3 Bb7 8. Bd3 Be7 9. Ne2 O-O 10. O-O c5 11. Be3 Nd7 12. Qd2 Rc8 13. f3 Qc7 1/2-1/2

[Event "4. Gosa YU"]
[Site "4. Gosa Smederevska Palanka Y"]
[Date "1978.??.??"]
[Round "5"]
[White "Rajkovic, Dusan"]
[Black "Nikolic, Stanimir"]
[Result "1/2-1/2"]
[WhiteElo "2490"]
[BlackElo "2350"]
[PlyCount "115"]
[EventDate "1978.??.??"]
[Source "www.chesslib.no"]
[SourceDate "2004.05.04"]

1. d4 b6 2. Nf3 Bb7 3. g3 Nf6 4. Bg2 e6 5. O-O d5 6. Ne5 Nbd7 7. c4 Bd6 8. cxd5 exd5 9. Nc4 Be7 10. Nc3 O-O 11. Bf4 Ne4 12. Nxe4 dxe4 13. Qc2 f5 14. Na5 Bd5 15. Nc6 Qe8 16. Rfc1 Bd6 17. e3 Nf6 18. a4 a5 19. Bf1 Kh8 20. Ne5 Rd8 21. Bb5 Qh5 22. Qd1 Qxd1+ 23. Rxd1 Kg8 24. Rac1 Bb3 25. Bc4+ Bxc4 26. Nxc4 Bxf4 27. gxf4 Nd5 28. Ne5 Rd6 29. Rc4 h6 30. h4 g6 31. Rdc1 Re8 32. Kf1 Re7 33. Ke2 Rg7 34. Rc6 Kh7 35. Rxd6 cxd6 36. Nc4 Rc7 37. Kd2 Rc6 38. Na3 Rxc1 39. Kxc1 Nb4 40. Nc4 Nd3+ 41. Kd2 d5 42. Nxb6 Nb4 43. Nd7 Kg7 44. Nc5 Kf6 45. Nb7 Nc6 46. Ke2 g5 47. hxg5+ hxg5 48. fxg5+ Kxg5 49. Nc5 Kf6 50. b3 f4 51. Kd2 f3 52. Na6 Kf5 53. b4 axb4 54. Nc7 Na5 55. Nxd5 Nc4+ 56. Kc2 Ke6 57. Nf4+ Kf5 58. Nd5 1/2-1/2

[Event "10. Open"]
[Site "?"]
[Date "1999.06.28"]
[Round "4"]
[White "Nikolov Sasho"]
[Black "Filipovic Branko"]
[Result "1/2-1/2"]
[WhiteElo "2395"]
[BlackElo "2434"]
[PlyCount "140"]
[EventDate "1999.??.??"]
[Source "www.chesslib.no"]
[SourceDate "2004.05.04"]

1. d4 b6 2. e4 Bb7 3. Nd2 e6 4. Ngf3 c5 5. c3 Nf6 6. Bd3 Be7 7. O-O d5 8. e5 Nfd7 9. Re1 Nc6 10. Nf1 g5 11. h3 h5 12. Be3 g4 13. hxg4 hxg4 14. N3h2 cxd4 15. cxd4 Bb4 16. Re2 Qh4 17. Rc1 Nxd4 18. Bxd4 g3 19. Bb5 gxh2+ 20. Kh1 Bc5 21. Bxc5 bxc5 22. Rxc5 Rc8 23. Qc1 Rxc5 24. Qxc5 Qc4 25. Qxc4 dxc4 26. f3 Ke7 27. Nd2 Rh5 28. Bxd7 Kxd7 29. Nxc4 Bd5 30. Nd2 Kc6 31. b3 Kc5 32. Ne4+ Kd4 33. Nd6 Kd3 34. Rb2 Rxe5 35. Nxf7 Rh5 36. Nd6 a5 37. Ne8 Rh4 38. Nc7 Rh7 39. Nb5 Rh4 40. Nc7 Rh7 41. Ne8 Rh5 42. Nf6 Kc3 43. Rf2 Rh6 44. Ng4 Rh8 45. Nxh2 a4 46. bxa4 Ra8 47. g4 Kd4 48. Kg2 Rxa4 49. Kg3 Ke5 50. f4+ Kf6 51. Nf1 Bxa2 52. g5+ Kg6 53. Rh2 Bb1 54. Ne3 Ra3 55. Kf3 Bf5 56. Rh6+ Kf7 57. Rf6+ Ke7 58. Kf2 Ra2+ 59. Ke1 Ra1+ 60. Kd2 Ra2+ 61. Kc1 Be4 62. Ng4 Rg2 63. Ne5 Kd6 64. Rf7 Kc5 65. Rd7 Rf2 66. g6 Rxf4 67. g7 Bh7 68. Kd2 Rf5 69. Ng6 Rd5+ 70. Rxd5+ exd5 1/2-1/2

[Event "Ortigueira SPA"]
[Site "?"]
[Date "2005.08.17"]
[Round "6.5"]
[White "Manolache Marius"]
[Black "Vitor Antonio"]
[Result "1/2-1/2"]
[WhiteElo "2462"]
[BlackElo "2365"]
[PlyCount "47"]
[EventDate "2005.??.??"]
[Source "www.chesslib.no"]
[SourceDate "2004.05.04"]

1. d4 b6 2. Bg5 g6 3. e4 Bb7 4. Nc3 Bg7 5. Qd2 d6 6. O-O-O Nd7 7. f4 c5 8. e5 h6 9. Bh4 cxd4 10. Qxd4 g5 11. fxg5 hxg5 12. Bxg5 Bxe5 13. Qd2 Ngf6 14. Nf3 Bxf3 15. gxf3 Rc8 16. Nb5 Rc5 17. b4 Rd5 18. Bd3 a6 19. Na3 Qc7 20. c4 Bc3 21. Qxc3 Rxg5 22. Kb1 Rh3 23. Bf1 Rh4 24. Qe3 1/2-1/2

[Event "Corr"]
[Site "?"]
[Date "2002.06.15"]
[Round "?"]
[White "Burger Heinrich (GER)"]
[Black "Braun Joerg (CAN)"]
[Result "1-0"]
[WhiteElo "2568"]
[BlackElo "2257"]
[PlyCount "89"]
[EventDate "2002.??.??"]
[Source "www.chesslib.no"]
[SourceDate "2004.05.04"]

1. d4 b6 2. e4 e6 3. c4 Bb7 4. Bd3 f5 5. exf5 Bxg2 6. Qh5+ g6 7. fxg6 Bg7 8. gxh7+ Kf8 9. Ne2 Bxh1 10. Bg5 Nf6 11. Qh4 Qe7 12. Nf4 Qf7 13. Ng6+ Ke8 14. Ne5 Qf8 15. Nc3 d6 16. Bg6+ Ke7 17. O-O-O dxe5 18. dxe5 Nbd7 19. exf6+ Bxf6 20. Bxf6+ Nxf6 21. Rxh1 Qg7 22. Qg3 Rad8 23. Re1 Qh6+ 24. Kb1 Rd6 25. Nb5 Nxh7 26. Nxd6 cxd6 27. f4 Nf8 28. Be4 Qf6 29. f5 e5 30. Rg1 Nd7 31. Qd3 Nc5 32. Qd5 Qf7 33. Qc6 Rd8 34. Bc2 Rg8 35. Qc7+ Nd7 36. Rf1 Qf6 37. Qxa7 Rc8 38. Ba4 Rd8 39. Bxd7 Rxd7 40. Qxb6 Rd8 41. a4 Kf8 42. a5 e4 43. a6 e3 44. Qxe3 Rb8 45. Rf2 1-0

[Event "VI Cup GM, Paks HUN"]
[Site "?"]
[Date "2001.??.??"]
[Round "2"]
[White "Pataki, G."]
[Black "Polak, T."]
[Result "0-1"]
[WhiteElo "2345"]
[BlackElo "2480"]
[PlyCount "86"]
[EventDate "2001.??.??"]
[Source "www.chesslib.no"]
[SourceDate "2004.05.04"]

1. d4 b6 2. c4 Ba6 3. Qa4 g6 4. Nf3 Bg7 5. Nc3 e6 6. Bf4 Ne7 7. e3 O-O 8. Be2 d6 9. Rd1 Bb7 10. O-O Nd7 11. Rd2 h6 12. h3 Kh8 13. Bh2 f5 14. Qc2 a6 15. b4 Nf6 16. c5 Ned5 17. Nxd5 Bxd5 18. Rc1 Rf7 19. Qb2 Ne4 20. Rdc2 bxc5 21. bxc5 Nxc5 22. Ne5 dxe5 23. Rxc5 exd4 24. exd4 f4 25. Qc3 c6 26. Bf3 g5 27. h4 gxh4 28. Bxd5 cxd5 29. Rc8 Rxc8 30. Qxc8 Qxc8 31. Rxc8+ Kh7 32. Rc6 Kg6 33. Rxe6+ Kf5 34. Rxa6 Rb7 35. Kf1 Rb1+ 36. Ke2 Rh1 37. Ra7 Bf6 38. Kf3 Rxh2 39. Ra5 Bxd4 40. Rxd5+ Be5 41. a4 h3 42. gxh3 Rxh3+ 43. Kg2 Ra3 0-1

[Event "Moscow RUS"]
[Site "?"]
[Date "1999.??.??"]
[Round "8"]
[White "Kachar Vladimir"]
[Black "Odesskij Ilia"]
[Result "1-0"]
[WhiteElo "2390"]
[BlackElo "2425"]
[PlyCount "25"]
[EventDate "1999.??.??"]
[Source "www.chesslib.no"]
[SourceDate "2004.05.04"]

1. d4 b6 2. e4 e6 3. Nf3 Bb7 4. Bd3 c5 5. d5 exd5 6. exd5 Bxd5 7. O-O Nf6 8. c4 Bb7 9. Nh4 Be7 10. Nf5 O-O 11. Re1 Re8 12. Bg5 Na6 13. Rxe7 1-0

[Event "Montpellier op 7th"]
[Site "?"]
[Date "2000.07.??"]
[Round "7"]
[White "Solakian Jerome"]
[Black "Stefanova Antoaneta"]
[Result "0-1"]
[WhiteElo "2289"]
[BlackElo "2514"]
[PlyCount "76"]
[EventDate "2000.??.??"]
[Source "www.chesslib.no"]
[SourceDate "2004.05.04"]

1. d4 b6 2. c4 e6 3. e4 Bb7 4. Nc3 Bb4 5. f3 Qh4+ 6. g3 Qe7 7. Nge2 d5 8. cxd5 exd5 9. e5 c5 10. f4 Nc6 11. Be3 Nh6 12. Bh3 Bc8 13. Bxc8 Rxc8 14. O-O Ng4 15. Bf2 Nxf2 16. Rxf2 cxd4 17. Nb5 O-O 18. Nbxd4 Bc5 19. Kg2 f6 20. Nxc6 Rxc6 21. Qxd5+ Qe6 22. Qxe6+ Rxe6 23. Rf3 Rd8 24. Nc3 Rd2+ 25. Kh1 fxe5 26. Ne4 Rxb2 27. Rd1 Be7 28. Rc1 exf4 29. Rxf4 h6 30. Rc8+ Kh7 31. Rc7 Re2 32. Nc3 Re1+ 33. Kg2 Bd6 34. Rff7 Bxc7 35. Rxc7 Re7 36. Rc8 Rc1 37. Kf3 b5 38. a3 a5 0-1

[Event "Wellington"]
[Site "Wellington"]
[Date "1978.??.??"]
[Round "?"]
[White "Quinteros, Miguel A"]
[Black "Cardoso, Radolfo Tan"]
[Result "1-0"]
[WhiteElo "2480"]
[BlackElo "2320"]
[PlyCount "84"]
[EventDate "1978.04.??"]
[Source "www.chesslib.no"]
[SourceDate "2004.05.04"]

1. d4 b6 2. c4 Bb7 3. d5 c6 4. e4 cxd5 5. cxd5 d6 6. Nc3 Nd7 7. Nf3 g6 8. Bb5 Bg7 9. Nd4 Ngf6 10. Bc6 Qc8 11. O-O O-O 12. Bg5 h6 13. Bh4 Ne5 14. Rc1 Nxc6 15. dxc6 Ba6 16. Re1 g5 17. Bg3 e6 18. Bxd6 Rd8 19. e5 Ne8 20. Be7 Qc7 21. Bxd8 Rxd8 22. Qa4 Bxe5 23. Nf3 Bxc3 24. Rxc3 Bc8 25. h4 Rd5 26. hxg5 hxg5 27. Rd1 b5 28. Qc2 Nf6 29. Rxd5 Nxd5 30. Rb3 g4 31. Nd4 a6 32. Rg3 f5 33. Qd2 Nf6 34. Re3 Kf7 35. b4 f4 36. Re1 e5 37. Nc2 Be6 38. Qc3 e4 39. Qc5 Kg6 40. Rd1 g3 41. fxg3 f3 42. Rd6 Kf7 1-0

[Event "Pardubice"]
[Site "?"]
[Date "2006.07.29"]
[Round "9"]
[White "Stupak Kirill"]
[Black "Blatny Pavel"]
[Result "1-0"]
[WhiteElo "2346"]
[BlackElo "2449"]
[PlyCount "101"]
[EventDate "2006.??.??"]
[Source "www.chesslib.no"]
[SourceDate "2004.05.04"]

1. d4 b6 2. Nf3 Bb7 3. g3 e6 4. Bg2 f5 5. O-O Be7 6. c4 Nf6 7. d5 Qc8 8. Nc3 O-O 9. Nd4 c5 10. Nc2 exd5 11. cxd5 d6 12. Bh3 b5 13. Nxb5 Bxd5 14. Ne3 Be6 15. Nxd6 Bxd6 16. Qxd6 Ne4 17. Qd1 Nc6 18. Nc2 Qe8 19. f3 Rd8 20. Qe1 Nd6 21. Be3 Qh5 22. Bg2 Nc4 23. Qf2 Rfe8 24. Bxc5 Rd2 25. Nb4 Bf7 26. Rfe1 N6e5 27. b3 a5 28. bxc4 axb4 29. Bxb4 Rc2 30. Qd4 Bxc4 31. Bc3 Bxe2 32. Qd5+ Qf7 33. Qxf7+ Kxf7 34. Bxe5 Rxe5 35. Bf1 Kf6 36. f4 Re6 37. Rxe2 Rcxe2 38. Bxe2 Rxe2 39. a4 Re6 40. Kf2 Ra6 41. Ke3 Ke6 42. a5 Kd5 43. Kd3 Kc6 44. Kc4 h5 45. Kb4 Kb7 46. Re1 g6 47. Re7+ Kb8 48. h4 Rd6 49. Rg7 Ka8 50. Kc5 Ra6 51. Rd7 1-0

[Event "HUN-chT 0203"]
[Site "?"]
[Date "2003.02.02"]
[Round "6"]
[White "Kerek Csaba"]
[Black "Mester Gyula"]
[Result "1-0"]
[WhiteElo "2375"]
[BlackElo "2419"]
[PlyCount "75"]
[EventDate "2003.??.??"]
[Source "www.chesslib.no"]
[SourceDate "2004.05.04"]

1. d4 b6 2. c4 Bb7 3. Nf3 e6 4. a3 f5 5. Nc3 Nf6 6. g3 Be7 7. Bg2 O-O 8. d5 Ne4 9. Nxe4 fxe4 10. Ne5 Bc5 11. Ng4 exd5 12. cxd5 Qe7 13. O-O Na6 14. b4 Bd6 15. Bb2 c5 16. dxc6 dxc6 17. Qb3+ Kh8 18. Rad1 c5 19. h4 h5 20. Rxd6 Qxd6 21. Rd1 c4 22. Bxg7+ Kh7 23. Qc2 Qe6 24. Bxf8 Rxf8 25. Ne3 b5 26. Rd4 Re8 27. Nd1 Kg8 28. Nc3 Nc7 29. Bxe4 Qf6 30. Rd7 Bxe4 31. Nxe4 Qf5 32. Rxc7 Qxe4 33. Qxe4 Rxe4 34. Kf1 Re6 35. Rxa7 Rc6 36. Ke1 c3 37. Kd1 Rf6 38. Rc7 1-0

[Event "Oberliga Bayern 9394"]
[Site "Bayern"]
[Date "1993.??.??"]
[Round "?"]
[White "Dobosz, Henryk"]
[Black "Wockenfuss, Klaus"]
[Result "1/2-1/2"]
[WhiteElo "2430"]
[BlackElo "2360"]
[PlyCount "52"]
[EventDate "1993.10.??"]
[Source "www.chesslib.no"]
[SourceDate "2004.05.04"]

1. d4 b6 2. e4 Bb7 3. Nd2 e6 4. Ngf3 c5 5. c3 Nf6 6. Bd3 Be7 7. O-O cxd4 8. cxd4 Ba6 9. Qe2 Bxd3 10. Qxd3 d5 11. e5 Nfd7 12. Ne1 Nc6 13. a3 a5 14. Nb1 O-O 15. Nc3 Rc8 16. Nf3 Na7 17. Re1 h6 18. Bf4 Re8 19. Qa6 Ra8 20. Rac1 Qc8 21. Qd3 Qb7 22. h4 Rac8 23. h5 b5 24. Nd2 b4 25. axb4 axb4 26. Ne2 Rxc1 1/2-1/2

[Event "Bagneux"]
[Site "Bagneux FRA"]
[Date "1993.??.??"]
[Round "7"]
[White "Urban, Klaudiusz"]
[Black "Payen, Arnaud"]
[Result "1/2-1/2"]
[WhiteElo "2450"]
[BlackElo "2340"]
[PlyCount "34"]
[EventDate "1993.??.??"]
[Source "www.chesslib.no"]
[SourceDate "2004.05.04"]

1. d4 b6 2. Nf3 Bb7 3. g3 g6 4. Bg2 Bg7 5. O-O e6 6. c4 Ne7 7. Nc3 d6 8. e4 Nd7 9. Bd2 O-O 10. d5 exd5 11. exd5 h6 12. Qc1 Kh7 13. Ne2 Ng8 14. Bc3 Ngf6 15. Qc2 Re8 16. Rfe1 Nc5 17. b3 a5 1/2-1/2

[Event "Pre-Continental g/25,10, Sao Paulo BRA"]
[Site "?"]
[Date "2001.??.??"]
[Round "7"]
[White "Santos, MVM."]
[Black "Lima, Da"]
[Result "0-1"]
[WhiteElo "2245"]
[BlackElo "2540"]
[PlyCount "102"]
[EventDate "2001.??.??"]
[Source "www.chesslib.no"]
[SourceDate "2004.05.04"]

1. d4 b6 2. c4 Bb7 3. Nc3 e6 4. a3 f5 5. d5 Nf6 6. Nf3 Be7 7. g3 O-O 8. Bg2 Ne4 9. Bd2 Bf6 10. Rc1 c6 11. O-O cxd5 12. cxd5 Nxc3 13. Bxc3 Bxd5 14. Ne5 Bxg2 15. Kxg2 Qc7 16. Nd3 Qb7+ 17. Kg1 Nc6 18. Qa4 Rac8 19. Rfd1 h6 20. Qb5 Bxc3 21. bxc3 Qc7 22. c4 d6 23. Nf4 Rfe8 24. Nd5 Qd8 25. Nb4 Ne5 26. Qa6 Qe7 27. Nd3 Nf7 28. a4 Qc7 29. Qb5 Qc6 30. Qb3 Nd8 31. Nf4 Nb7 32. Qd3 Rcd8 33. Qc2 Nc5 34. Ra1 Nb7 35. Rac1 Nc5 36. Ra1 Qe4 37. Qc3 Qe5 38. Qc2 Ne4 39. Nd3 Qc3 40. Qa2 Rc8 41. Rac1 Qa5 42. Qb3 Nc5 43. Nxc5 Qxc5 44. Qd3 Red8 45. e4 fxe4 46. Qxe4 Re8 47. Qg6 Kh8 48. Qf7 Rf8 49. Qxe6 Rce8 50. Qd5 Qxf2+ 51. Kh1 Re2 0-1

[Event "YUG-ch35"]
[Site "?"]
[Date "1980.02.??"]
[Round "4"]
[White "Vukovic Ivo"]
[Black "Govedarica Radovan"]
[Result "1-0"]
[WhiteElo "2360"]
[BlackElo "2420"]
[PlyCount "99"]
[EventDate "1980.??.??"]
[Source "www.chesslib.no"]
[SourceDate "2004.05.04"]

1. d4 b6 2. Nf3 Bb7 3. g3 Bxf3 4. exf3 d5 5. f4 e6 6. Nd2 Bd6 7. Nf3 Nf6 8. Bd3 O-O 9. O-O c5 10. c3 Nc6 11. Ne5 Qc7 12. Be3 Ne7 13. Re1 Nf5 14. g4 Nxe3 15. Rxe3 g6 16. Kh1 Ne8 17. f5 exf5 18. gxf5 Nf6 19. Qf3 Rae8 20. Rae1 Kg7 21. Qg2 cxd4 22. cxd4 Ne4 23. Bxe4 dxe4 24. Rxe4 Qc2 25. f6+ Kg8 26. Nxg6 fxg6 27. Rxe8 Qf5 28. Rxf8+ Bxf8 29. Kg1 Qxf6 30. Qg4 Kg7 31. Kg2 Bd6 32. Re3 Bc7 33. h4 Qd6 34. h5 Qd5+ 35. Rf3 a5 36. hxg6 hxg6 37. b3 b5 38. Qh4 g5 39. Qh3 Bf4 40. Kf1 a4 41. Rd3 axb3 42. axb3 Kg6 43. Qf3 Qxf3 44. Rxf3 Kf5 45. Rc3 Ke4 46. Rc5 b4 47. Rc4 Bd2 48. Ke2 Bc3 49. f3+ Kf4 50. d5+ 1-0

[Event "ch-ROU"]
[Site "Cluj ROU"]
[Date "2008.02.25"]
[Round "1"]
[White "Manolache, M."]
[Black "Titu Maiorescu, D."]
[Result "1-0"]
[WhiteElo "2530"]
[BlackElo "2245"]
[PlyCount "68"]
[EventDate "2008.02.25"]
[Source "www.chesslib.no"]
[SourceDate "2004.05.04"]

1. d4 b6 2. Nf3 Bb7 3. Bg5 h6 4. Bh4 g5 5. Bg3 e6 6. e3 d6 7. Nc3 Ne7 8. h4 Nf5 9. hxg5 Nxg3 10. fxg3 Bg7 11. gxh6 Rxh6 12. Rh4 Nd7 13. Bb5 a6 14. Bd3 Qe7 15. Qe2 c5 16. O-O-O b5 17. Rxh6 Bxh6 18. Rh1 Bf8 19. b3 d5 20. dxc5 Qxc5 21. Nb1 Rc8 22. Rh8 Qe7 23. g4 Qf6 24. Rg8 Qa1 25. g5 Ke7 26. Nd4 Ne5 27. Qf1 Kd7 28. Rxf8 Rxf8 29. Be2 Qxa2 30. Qf6 Nc6 31. Nxe6 fxe6 32. Qxf8 Qa5 33. Qf7+ Ne7 34. Bh5 Qe1+ 1-0

[Event "It (Open) Krakow POL"]
[Site "?"]
[Date "2006.01.03"]
[Round "8"]
[White "Marszalek Maciej"]
[Black "Bromann Thorbjorn"]
[Result "1/2-1/2"]
[WhiteElo "2415"]
[BlackElo "2357"]
[PlyCount "50"]
[EventDate "2006.??.??"]
[Source "www.chesslib.no"]
[SourceDate "2004.05.04"]

1. d4 b6 2. Nf3 Bb7 3. g3 Bxf3 4. exf3 d5 5. Bg2 e6 6. O-O c6 7. f4 Nh6 8. Nd2 Bd6 9. b3 O-O 10. Bb2 a5 11. c4 b5 12. Qe2 Qd7 13. Rfc1 Qb7 14. Rc2 a4 15. cxb5 cxb5 16. bxa4 Rxa4 17. Nb3 Rc4 18. Na5 Rxc2 19. Qxc2 Qa6 20. Nb3 Rc8 21. Qd2 Nd7 22. Rc1 Nb6 23. Rxc8+ Qxc8 24. Bf1 Nc4 25. Qc2 Qa6 1/2-1/2

[Event "Piremon Nyirsegi Torna op"]
[Site "?"]
[Date "2002.07.05"]
[Round "7"]
[White "Szeberenyi Adam"]
[Black "Krivolapov Konstantin"]
[Result "1-0"]
[WhiteElo "2395"]
[BlackElo "2371"]
[PlyCount "89"]
[EventDate "2002.??.??"]
[Source "www.chesslib.no"]
[SourceDate "2004.05.04"]

1. d4 b6 2. c4 Bb7 3. Nc3 f5 4. Nf3 Nf6 5. d5 e6 6. dxe6 dxe6 7. Qxd8+ Kxd8 8. Ng5 Ke7 9. Bf4 Ne8 10. O-O-O h6 11. Nf3 g5 12. Be5 Rg8 13. h4 Nd7 14. hxg5 Nxe5 15. Nxe5 hxg5 16. e4 Nd6 17. exf5 exf5 18. Bd3 Bg7 19. Rh7 Kf6 20. Nf3 Kg6 21. Rdh1 Bxf3 22. gxf3 Nf7 23. Nd5 Nh6 24. Ne7+ Kf7 25. Nxg8 Nxg8 26. Bxf5 Nf6 27. R7h2 Re8 28. Rg2 Re2 29. Bd3 Re5 30. Rgg1 Nd7 31. Re1 Ra5 32. Kb1 Ne5 33. Re3 Rc5 34. Rhe1 a5 35. b3 Bf6 36. Be4 c6 37. Rd1 b5 38. cxb5 Rxb5 39. Rc3 a4 40. Kc2 axb3+ 41. axb3 Ra5 42. Bxc6 Ra2+ 43. Kc1 Rxf2 44. Bd5+ Ke7 45. Rc2 1-0

[Event "TCh-BIH"]
[Site "Jahorina"]
[Date "2003.06.23"]
[Round "4"]
[White "Covic, Darko"]
[Black "Filipovic, Branko"]
[Result "0-1"]
[WhiteElo "2352"]
[BlackElo "2413"]
[PlyCount "83"]
[EventDate "2003.06.21"]
[Source "Roberto Alvarez"]
[SourceDate "2003.07.07"]

1. d4 b6 2. e4 Bb7 3. f3 e6 4. c4 f5 5. exf5 Nh6 6. fxe6 Nf5 7. Bf4 Bb4+ 8. Nc3 dxe6 9. Qa4+ Nc6 10. O-O-O Nfxd4 11. Nge2 Nxe2+ 12. Bxe2 Qf6 13. Bd2 O-O-O 14. Ne4 Bxd2+ 15. Rxd2 Qh6 16. Rhd1 Rxd2 17. Rxd2 Rd8 18. Qb5 Rxd2 19. Nxd2 Qxh2 20. Qg5 Qg1+ 21. Bd1 Qd4 22. Qh5 h6 23. Qe8+ Nd8 24. g4 Bc6 25. Qg6 Bd7 26. Qe4 Qxe4 27. Nxe4 Bc6 28. Ng3 Kd7 29. Kd2 Ke7 30. Ke3 e5 31. Bc2 Nf7 32. b3 Ng5 33. Be4 Bxe4 34. fxe4 g6 35. Ne2 Ne6 36. Nc3 c6 37. b4 Nd4 38. b5 cxb5 39. cxb5 Kd6 40. a4 Ne6 41. Nd5 Nc5 42. Nc3 0-1

[Event "Open 'Mediterraneo 2017'"]
[Site "Fiume CRO"]
[Date "2008.12.02"]
[Round "5.12"]
[White "Serrano, Salvador Eduardo"]
[Black "Jurkovic, Hrvoje"]
[Result "0-1"]
[WhiteElo "2328"]
[BlackElo "2430"]
[PlyCount "110"]
[EventDate "2008.11.29"]
[Source "www.chesslib.no"]
[SourceDate "2004.05.04"]

1. d4 b6 2. c4 Bb7 3. Nc3 d6 4. e4 Nd7 5. Nf3 Ngf6 6. d5 g6 7. h3 Bg7 8. Be2 O-O 9. O-O c6 10. Re1 Rc8 11. Rb1 a6 12. Bf1 b5 13. dxc6 Rxc6 14. cxb5 axb5 15. Nd4 Rxc3 16. bxc3 Nxe4 17. Nxb5 Ndc5 18. Be3 Bc6 19. Bd4 Bxb5 20. Bxg7 Ba4 21. Qd4 e5 22. Qb4 Kxg7 23. Rxe4 Bc2 24. Ree1 Bxb1 25. Rxb1 Qa8 26. Rd1 Rb8 27. Qc4 Qc6 28. Qd5 Qxd5 29. Rxd5 Rb6 30. Bc4 Kf6 31. Rd2 Ke7 32. Bd5 f5 33. h4 h6 34. g3 g5 35. hxg5 hxg5 36. Kg2 g4 37. f3 gxf3+ 38. Kxf3 Rb1 39. Rh2 Rc1 40. Rh7+ Kf6 41. Rh6+ Kg5 42. Rxd6 Rxc3+ 43. Kg2 Rc2+ 44. Kf3 Rd2 45. Rd8 e4+ 46. Ke3 Rd3+ 47. Kf2 Kf6 48. Rf8+ Ke5 49. Bc4 Rf3+ 50. Kg2 Rc3 51. Bb3 Nxb3 52. axb3 Rxb3 53. Rd8 Rb2+ 54. Kf1 e3 55. Re8+ Kd4 0-1

[Event "POL-chT"]
[Site "Lubniewice"]
[Date "1981.??.??"]
[Round "5"]
[White "Pytel, Krzysztof"]
[Black "Balcerowski, Witold"]
[Result "1/2-1/2"]
[WhiteElo "2400"]
[BlackElo "2355"]
[PlyCount "147"]
[EventDate "1981.??.??"]
[Source "ChessBase"]

1. d4 b6 2. e4 e6 3. Nf3 Bb7 4. Bd3 d5 5. e5 c5 6. c3 Nc6 7. O-O Qd7 8. a3 a5 9. Re1 c4 10. Bc2 b5 11. Ng5 g6 12. f4 Nh6 13. g4 O-O-O 14. h3 Re8 15. Nd2 Be7 16. Nf1 Bd8 17. Ng3 Ng8 18. f5 h6 19. Nf3 gxf5 20. gxf5 h5 21. f6 h4 22. Nf1 Nxf6 23. exf6 Reg8+ 24. Kf2 Bc7 25. Bg5 e5 26. dxe5 Qxh3 27. Qd2 d4 28. Be4 d3 29. Qf4 Kb8 30. Ne3 Nxe5 31. Bxb7 d2 32. Nxe5 dxe1=Q+ 33. Kxe1 Rxg5 34. Qxg5 Kxb7 35. Nxf7 Bg3+ 36. Kd2 Qh2+ 37. Kc1 Qh1+ 38. Nd1 Qe4 39. Qxb5+ Kc8 40. Qc5+ Kd7 41. Qd4+ Qxd4 42. cxd4 h3 43. Nxh8 h2 44. Nf2 Bxf2 45. Kd2 Bg1 46. f7 h1=Q 47. f8=Q Qg2+ 48. Ke1 Qe4+ 49. Kf1 Bxd4 50. Qf7+ Kd8 51. Qg8+ Kd7 52. Qf7+ Kd8 53. Qg8+ Kd7 54. Qg2 Qxg2+ 55. Kxg2 Bxh8 56. Rb1 Kc6 57. b3 c3 58. Kf3 Kb5 59. Ke3 c2 60. Rc1 a4 61. bxa4+ Kxa4 62. Rxc2 Kxa3 63. Rc8 Bf6 64. Rb8 Ka4 65. Ke4 Ka5 66. Kd5 Ka6 67. Rf8 Bh4 68. Kc6 Ka7 69. Rf3 Be1 70. Rf7+ Ka8 71. Rf8+ Ka7 72. Rf3 Bd2 73. Ra3+ Kb8 74. Rd3 1/2-1/2

[Event "1st Chess Week, Winterthur SUI"]
[Site "?"]
[Date "2001.??.??"]
[Round "7"]
[White "Ezat, M."]
[Black "Filipovic, Br"]
[Result "0-1"]
[WhiteElo "2295"]
[BlackElo "2460"]
[PlyCount "82"]
[EventDate "2001.??.??"]
[Source "www.chesslib.no"]
[SourceDate "2004.05.04"]

1. d4 b6 2. c4 e6 3. Nc3 Bb7 4. e4 Bb4 5. Bd3 f5 6. d5 fxe4 7. Bxe4 Nf6 8. Bf3 e5 9. Bd2 O-O 10. Nge2 Bxc3 11. Nxc3 e4 12. Bg4 Na6 13. O-O Nc5 14. Bg5 h6 15. Be3 Qe7 16. Nb5 c6 17. Nc3 cxd5 18. cxd5 Ba6 19. Be2 Bxe2 20. Qxe2 Rae8 21. Rfd1 Qe5 22. b4 Nd3 23. Nxe4 Nxf2 24. Bxf2 Nxe4 25. Bd4 Qg5 26. Qb2 Nd6 27. Rd3 Nf5 28. Bf2 Re4 29. Re1 Rxe1+ 30. Bxe1 Ne3 31. Qe2 Rf1+ 32. Qxf1 Nxf1 33. Kxf1 Qf5+ 34. Rf3 Qxd5 35. a3 Qa2 36. h3 d5 37. Bf2 Qb2 38. Kg1 d4 39. Rf5 Qc1+ 40. Kh2 d3 41. Rf3 d2 0-1